| 000 | 00996nam a2200205Ia 4500 | ||
|---|---|---|---|
| 003 | GCL | ||
| 008 | 140319s9999 xx 000 0 ara d | ||
| 020 | _a5455487977 | ||
| 040 |
_aGCL / _cGCL |
||
| 082 | 0 | 4 |
_a551.22 _bم ز |
| 100 | 1 | _aمحمد مؤنس احمد عوض | |
| 245 | 1 | 0 |
_aالزلازل فى بلاد الشام عصر الحروب الصليبية : _bدراسة عن النصف الثانى من القرن السادس الهجرى - الثانى عشر الميلادى ( 511 - 598 هـ \ 1156 - 1202 م ) / _cمحمد مؤنس احمد عوض |
| 250 | _aالاولى | ||
| 260 |
_aالقاهرة : _bعين للدراسات والبحوث الانسانية والاجتماعية ، _c1996 |
||
| 300 |
_a208 ص ؛ _c24 سم |
||
| 650 | 0 | 4 | _aالزلازل - بلاد الشام |
| 650 | 0 | 4 | _aالزلازل - تاريخ - عصر الحروب الصليبية - بلاد الشام |
| 650 | 0 | 4 | _aبلاد الشام - الجغرافيا الطبيعية |
| 942 |
_2ddc _cBK |
||
| 999 |
_c8770 _d8770 |
||